BD CHAURASIA'S HANDBOOK OF GENERAL ANATOMY (Record no. 29039)

MARC details
000 -LEADER
fixed length control field 00398nam a22001697a 4500
003 - CONTROL NUMBER IDENTIFIER
control field SGT
020 ## - INTERNATIONAL STANDARD BOOK NUMBER
International Standard Book Number 9789354665691
082 ## - DEWEY DECIMAL CLASSIFICATION NUMBER
Classification number 611
Item number H24C
100 ## - MAIN ENTRY--PERSONAL NAME
Personal name CHAURASIA, BD
245 ## - TITLE STATEMENT
Title BD CHAURASIA'S HANDBOOK OF GENERAL ANATOMY
250 ## - EDITION STATEMENT
Edition statement 7TH
260 ## - PUBLICATION, DISTRIBUTION, ETC. (IMPRINT)
Place of publication, distribution, etc NEW DELHI
Name of publisher, distributor, etc CBS PUB.
Year of Publication 2024
300 ## - PAGE DESCRIPTION
No. of Pages 450
650 ## - SUBJECT ADDED ENTRY--TOPICAL TERM
Topical term or geographic name as entry element ANATOMY
653 ## - KEYWORDS--INDEX TERM
Keyword term GENERAL ANATOMY, ANATOMY, HANDBOOK
942 ## - ADDED ENTRY ELEMENTS (KOHA)
Source of classification or shelving scheme Dewey Decimal Classification
Koha item type Books
Holdings
Withdrawn status Lost status Source of classification or shelving scheme Damaged status Not for loan Collection code Home library Current library Shelving location Date acquired Vendor Name Cost, normal purchase price SGTU Bill Number Total Checkouts Full call number Accession No. (Barcode) Date last seen Date last borrowed Bill Date Koha item type Checked out Use restrictions
    Dewey Decimal Classification     AYURVEDA SGT FA-FP Library SGT FA-FP Library Text Book 16/01/2025 AHUJA PUB. 450.00 SGTU 19920 12 611 H24C FA12521 30/03/2026 10/03/2026 21/11/2024 Books    
    Dewey Decimal Classification     AYURVEDA SGT FA-FP Library SGT FA-FP Library Text Book 16/01/2025 AHUJA PUB. 450.00 SGTU 19920 11 611 H24C FA12522 14/01/2026 23/12/2025 21/11/2024 Books    
    Dewey Decimal Classification     AYURVEDA SGT FA-FP Library SGT FA-FP Library Text Book 16/01/2025 AHUJA PUB. 450.00 SGTU 19920 9 611 H24C FA12523 14/01/2026 25/12/2025 21/11/2024 Books    
    Dewey Decimal Classification     AYURVEDA SGT FA-FP Library SGT FA-FP Library Text Book 16/01/2025 AHUJA PUB. 450.00 SGTU 19920 15 611 H24C FA12524 04/06/2026 04/06/2026 21/11/2024 Books 18/06/2026  
    Dewey Decimal Classification     AYURVEDA SGT FA-FP Library SGT FA-FP Library Reference Book 16/01/2025 AHUJA PUB. 450.00 SGTU 19920   611 H24C FA12525 17/02/2025   21/11/2024 Books   Restricted Access